Allgemeinwissen Quiz #4 - Statistiken

Allgemein
  • Dieses Quiz wurde 14.631 mal gespielt
    13.175 seit der letzten Aktualisierung
  • Das Durchschnittsergebnis liegt bei 9 aus 20
Antwortstatistiken
Frage Antwort % Korrekt
Wer hat das Lied "Poker Face" aufgenommen? Lady Gaga
95%
Welches Werk von Johann Wolfgang von Goethe ist ein Klassiker der deutschen Literatur und handelt von einem Pakt mit dem Teufel? Faust
68%
Welches Gefängnis wurde am 14. Juli 1789 gestürmt? La Bastille
54%
Wessen Vermögen sank 2022 aufgrund eines Kursrückgangs der Aktie von Meta Systems um einen Rekordwert von 29 Milliarden US-Dollar an einem einzigen Tag? Mark Zuckerberg
54%
Buchstabiere korrekt die Hauptstadt von Island. Reykjavík
53%
Wer trat 2013 als Papst zurück? Papst Benedikt XVI
52%
Welcher biographischer Historienfilm, erschienen 2023, gewann sieben Oscars? Oppenheimer
49%
Was ist das erste Buch der Bibel? Genesis
48%
Welches südamerikanische Land hat neben den USA die meisten großen internationalen Schönheitswettbewerbe gewonnen? Venezuela
46%
Wer war der erste römische Kaiser? Augustus
44%
In welchem Land befindet sich die Stadt Haarlem? Niederlande
41%
Was fressen Kannenpflanzen? Insekten
39%
Wer ist der Leadsänger der Rolling Stones? Mick Jagger
38%
Wie nennt man das Mineral Beryll, wenn es grün ist? Smaragd
32%
Welche römische Zahl entspricht 2159? MMCLIX
31%
Welche wichtige japanische Stadt wurde während des Zweiten Weltkriegs wegen ihres kulturellen Wertes von Bombenschäden verschont? Kyoto
28%
Wer kämpfte gegen Ivan Drago und Clubber Lang? Rocky Balboa
28%
Wer ist der Ehemann von Steffi Graf? Andre Agassi
27%
Welches Land hat die inoffizielle Nationalhymne "Waltzing Matilda"? Australien
21%
Wie wird das österreische Gebäck in Hörnchenform genannt (erinnert an ein Croissant)? Kipferl
21%
Keine übereinstimmenden Quizze gefunden
Verteilung der Resultate
Anzahl Personen mit jedem Resultat
Perzentil nach korrekt beantworteten Fragen
Ihre Resultats-Entwicklung
Sie haben dieses Quiz seit der letzten Aktualisierung nicht gespielt